000
00507nam a2200181Ia 4500
008
090124s9999 xx 000 0 und d
082
_b
105855
100
_a
बुध्दिसागर मा.ग.
245
_a
मातृत्व
250
_a
1
260
_c
1956
300
_a
168
600
_a
बुध्दिसागर मा.ग.
630
_a
मातृत्व
700
_a
बुध्दिसागर मा.ग.
730
_a
मातृत्व
942
_c
BOOK
999
_c
151946
_d
151946